[Event "1MCR_3DE_1L_2S"]
[Site "?"]
[Date "2005.??.??"]
[Round "2"]
[White "Markytan, Vladislav"]
[Black "Soucha, Stepan"]
[Result "1/2-1/2"]
[WhiteElo "2168"]
[BlackElo "2335"]
[PlyCount "50"]
[EventDate "2005.??.??"]
[EventType "corr"]
[SourceDate "2005.03.20"]

1. d4 d5 2. c4 e6 3. Nf3 Nf6 4. Bg5 Be7 5. Nc3 h6 6. Bh4 O-O 7. e3 b6 8. cxd5
Nxd5 9. Bxe7 Qxe7 10. Rc1 Bb7 11. Bd3 Rc8 12. O-O c5 13. Nxd5 Bxd5 14. dxc5
Rxc5 15. Rxc5 Qxc5 16. Qa4 Nc6 17. a3 Bxf3 18. gxf3 Rd8 19. Be4 Ne5 20. Qxa7
Nc4 21. b4 Qg5+ 22. Kh1 Nd2 23. Rd1 Nxe4 24. Rxd8+ Qxd8 25. fxe4 Qd1+ 1/2-1/2

[Event "1MCR_3DE_1L_2S"]
[Site "?"]
[Date "2005.??.??"]
[Round "2"]
[White "Trcka, Vaclav"]
[Black "Klimecky, Tomas"]
[Result "1/2-1/2"]
[WhiteElo "2175"]
[BlackElo "1800"]
[PlyCount "37"]
[EventDate "2005.??.??"]
[EventType "corr"]
[SourceDate "2005.03.20"]

1. d4 d5 2. c4 c6 3. e3 Bf5 4. Qb3 Qc7 5. cxd5 cxd5 6. Nc3 e6 7. Bd2 Nc6 8. Nf3
Nf6 9. Rc1 Be7 10. Nh4 Be4 11. Be2 h6 12. O-O O-O 13. f4 Rfc8 14. Nf3 Bf5 15.
Ne5 Bf8 16. Be1 Qe7 17. Bh4 Qb4 18. Qxb4 Bxb4 19. Bxf6 1/2-1/2

[Event "1MCR_3DE_1L_1S"]
[Site "?"]
[Date "2005.??.??"]
[Round "1"]
[White "Pecka, Josef"]
[Black "Tomisek, Petr"]
[Result "1/2-1/2"]
[WhiteElo "2309"]
[BlackElo "2170"]
[PlyCount "56"]
[EventDate "2005.??.??"]
[EventType "corr"]
[SourceDate "2005.03.20"]

1. e4 e5 2. f4 Bc5 3. Nf3 d6 4. c3 Nf6 5. fxe5 dxe5 6. Nxe5 Qe7 7. d4 Bd6 8.
Qf3 Bxe5 9. dxe5 Qxe5 10. Bf4 Qxe4+ 11. Qxe4+ Nxe4 12. Bxc7 Nf6 13. Nd2 Be6 14.
O-O-O O-O 15. Be2 Nd5 16. Bg3 Ne3 17. Rdg1 Nc6 18. Bf3 Rac8 19. a3 Nd4 20. Bf2
Nxf3 21. gxf3 Nd5 22. Bd4 f6 23. Ne4 b6 24. h4 Rcd8 25. h5 Kf7 26. h6 g6 27. c4
Nf4 28. Bxf6 Ne2+ 1/2-1/2

[Event "1MCR_3DE_1L_2S"]
[Site "?"]
[Date "2005.??.??"]
[Round "2"]
[White "Trcka, Vaclav"]
[Black "Pytlik, Lesek"]
[Result "0-1"]
[WhiteElo "2175"]
[BlackElo "2367"]
[PlyCount "38"]
[EventDate "2005.??.??"]
[EventType "corr"]
[SourceDate "2005.03.20"]

1. c4 e5 2. Nc3 Nf6 3. Nf3 Nc6 4. g3 Bb4 5. Bg2 O-O 6. O-O e4 7. Ng5 Bxc3 8.
bxc3 Re8 9. f3 e3 10. d4 Na5 11. Qa4 b6 12. c5 d5 13. cxd6 cxd6 14. Ne4 Bb7 15.
d5 Nxd5 16. Ba3 Re6 17. c4 Nf6 18. Nc3 Rc8 19. c5 Bc6 0-1

[Event "1MCR_3DE_1L_3S"]
[Site "?"]
[Date "2005.??.??"]
[Round "3"]
[White "Nepustil, Frantisek"]
[Black "Hlavacek, Ladislav"]
[Result "1-0"]
[WhiteElo "2200"]
[BlackElo "2009"]
[PlyCount "103"]
[EventDate "2005.??.??"]
[EventType "corr"]
[SourceDate "2005.03.20"]

1. e4 e5 2. d4 exd4 3. c3 dxc3 4. Nxc3 Nc6 5. Nf3 Nf6 6. Bc4 Bb4 7. O-O O-O 8.
Nd5 Be7 9. Bf4 d6 10. Re1 Bg4 11. h3 Bxf3 12. Qxf3 Nd7 13. Qg3 Re8 14. Rad1 Bh4
15. Qc3 Bf6 16. Qc1 a6 17. Nxf6+ Qxf6 18. Bd5 Rab8 19. b3 Nde5 20. Re2 Ne7 21.
Bxe5 Qxe5 22. Qxc7 Rec8 23. Qa5 Rc5 24. Qe1 Ng6 25. g3 Ne7 26. b4 Rc7 27. f4
Qf6 28. Bb3 Qg6 29. f5 Qg5 30. Kg2 Qf6 31. Qd2 Re8 32. g4 Nc6 33. g5 Qe7 34. g6
Rd8 35. Bxf7+ Kh8 36. Bb3 hxg6 37. fxg6 Ne5 38. Rf1 Qe8 39. Rf5 Qxg6+ 40. Rg5
Qe8 41. Rf2 Nf7 42. Rh5+ Nh6 43. Rh4 Qg6+ 44. Kh2 Re8 45. Qf4 Kh7 46. Bf7 Rxf7
47. Qxf7 Qxf7 48. Rxf7 b5 49. Rd7 Rc8 50. Rh5 Rc2+ 51. Kg3 Kg8 52. Ra7 1-0

[Event "1MCR_3DE_1L_2S"]
[Site "?"]
[Date "2005.??.??"]
[Round "2"]
[White "Cakl, Miloslav"]
[Black "Svajdler, Frantisek"]
[Result "0-1"]
[WhiteElo "1907"]
[BlackElo "2168"]
[PlyCount "92"]
[EventDate "2005.??.??"]
[EventType "corr"]
[SourceDate "2005.03.20"]

1. e4 e5 2. Nf3 Nc6 3. Bc4 Bc5 4. b4 Bb6 5. a4 a6 6. c3 Nf6 7. d3 d6 8. O-O h6
9. a5 Ba7 10. Be3 O-O 11. Qe2 Nh5 12. Qb2 Qf6 13. Nbd2 Nf4 14. d4 Bg4 15. b5
axb5 16. Bxb5 Rfb8 17. Bxf4 exd4 18. Qc1 Qxf4 19. Bxc6 bxc6 20. cxd4 Bxf3 21.
Nxf3 Qxe4 22. Re1 Qd5 23. Rd1 c5 24. a6 Bb6 25. dxc5 Qxc5 26. Qd2 Re8 27. Ra2
Qb5 28. Rda1 d5 29. h3 Qd7 30. Rd1 Rad8 31. Rb1 Re6 32. Rab2 Ra8 33. Qd3 Rd6
34. Nd4 Rf6 35. Rb3 Rf4 36. Ne2 Ra4 37. Nc3 Rd4 38. Qe2 Qe6 39. Ra3 Qxe2 40.
Nxe2 Rd2 41. Kf1 Re8 42. Re1 Ba7 43. g3 c6 44. Raa1 Kf8 45. g4 Re6 46. Ra3 Rf6
0-1

[Event "1MCR_3DE_1L_2S"]
[Site "?"]
[Date "2005.??.??"]
[Round "2"]
[White "Paukert, Martin"]
[Black "Markytan, Vladislav"]
[Result "1/2-1/2"]
[WhiteElo "2074"]
[BlackElo "2168"]
[PlyCount "57"]
[EventDate "2005.??.??"]
[EventType "corr"]
[SourceDate "2005.03.20"]

1. e4 e6 2. d4 d5 3. Nc3 Nf6 4. Bg5 dxe4 5. Nxe4 Be7 6. Bxf6 Bxf6 7. Nf3 Nd7 8.
Qd2 O-O 9. O-O-O b6 10. Qf4 Bb7 11. Bd3 a5 12. h4 Qb8 13. Ne5 c5 14. Nxf6+ Nxf6
15. h5 h6 16. Rh3 Rd8 17. Rg3 Kf8 18. Bb5 Rxd4 19. Rxd4 cxd4 20. Rg6 Qd8 21.
Rxf6 gxf6 22. Ng4 f5 23. Qxh6+ Ke7 24. Qf6+ Kd6 25. Qe5+ Ke7 26. Nh6 Be4 27. f3
Kf8 28. Qh8+ Ke7 29. Qe5 1/2-1/2

[Event "1MCR_3DE_1L_1S"]
[Site "?"]
[Date "2005.??.??"]
[Round "1"]
[White "Bares, Jiri"]
[Black "Pauschek, Roman"]
[Result "1/2-1/2"]
[WhiteElo "2174"]
[BlackElo "2172"]
[PlyCount "68"]
[EventDate "2005.??.??"]
[EventType "corr"]
[SourceDate "2005.03.20"]

1. d4 d5 2. c4 e6 3. Nc3 Nf6 4. Bg5 Be7 5. e3 O-O 6. Nf3 h6 7. Bxf6 Bxf6 8. Rc1
c6 9. Bd3 Nd7 10. cxd5 exd5 11. b4 a6 12. a4 Be7 13. b5 axb5 14. axb5 Nf6 15.
O-O Bd6 16. bxc6 bxc6 17. Qc2 Re8 18. Ne2 Bg4 19. Qxc6 Ne4 20. Ne5 Bxe5 21.
dxe5 Bxe2 22. Bxe2 Rxe5 23. Rfd1 Ra2 24. Bf3 Qf6 25. Qb7 Qf5 26. Qb1 Rd2 27. h4
Qd7 28. Qb3 Rxd1+ 29. Rxd1 Qc6 30. h5 Nf6 31. Qb8+ Re8 32. Qb4 Qe6 33. Qd4 Qf5
34. Qb6 Qe5 1/2-1/2

[Event "1MCR_3DE_1L_2S"]
[Site "?"]
[Date "2005.??.??"]
[Round "2"]
[White "Janous, Petr"]
[Black "Sedlaty, Martin"]
[Result "1/2-1/2"]
[WhiteElo "2270"]
[BlackElo "1800"]
[PlyCount "63"]
[EventDate "2005.??.??"]
[EventType "corr"]
[SourceDate "2005.03.20"]

1. e4 e5 2. Nf3 Nf6 3. Nxe5 d6 4. Nf3 Nxe4 5. d4 d5 6. Bd3 Bd6 7. O-O O-O 8. c4
c6 9. cxd5 cxd5 10. Nc3 Nxc3 11. bxc3 Nd7 12. Bg5 Qc7 13. Qc2 h6 14. Bh4 Nb6
15. Rfe1 Be6 16. Bg3 Bxg3 17. fxg3 Rfe8 18. Re3 Nc4 19. Bxc4 Qxc4 20. Rae1 Qc6
21. Ne5 Qb6 22. g4 Qd8 23. Nf3 Bd7 24. Rxe8+ Bxe8 25. Qf5 f6 26. h4 Qd7 27. Qf4
Bg6 28. g5 hxg5 29. hxg5 Rf8 30. gxf6 Rxf6 31. Qe5 b6 32. Qe7 1/2-1/2

[Event "1MCR_3DE_1L_3S"]
[Site "?"]
[Date "2005.??.??"]
[Round "3"]
[White "Zednik, Martin"]
[Black "Schwarz, Jan"]
[Result "0-1"]
[WhiteElo "2077"]
[BlackElo "2295"]
[PlyCount "124"]
[EventDate "2005.??.??"]
[EventType "corr"]
[SourceDate "2005.03.20"]

1. e4 c5 2. Nf3 e6 3. d4 cxd4 4. Nxd4 a6 5. c4 Nf6 6. Nc3 Qc7 7. f4 Bb4 8. e5
Ne4 9. Qf3 Nxc3 10. bxc3 Be7 11. Bd3 Bh4+ 12. g3 Be7 13. O-O d6 14. Qg4 g6 15.
Ba3 O-O 16. Qe2 dxe5 17. Bxe7 Qxe7 18. fxe5 Qc7 19. Rae1 Nd7 20. Qe3 b6 21. Be4
Bb7 22. Qh6 Bxe4 23. Rxe4 Nc5 24. Re3 Qe7 25. Rf6 Nd7 26. Rf4 Rac8 27. g4 Rfd8
28. Rh3 Nf8 29. Rhf3 Rxc4 30. Rxf7 Qxf7 31. Rxf7 Kxf7 32. Qg5 Rd7 33. Qf6+ Kg8
34. Qf3 Ra7 35. Kg2 b5 36. a3 Rc5 37. h4 Rd5 38. g5 Rf7 39. Qg3 Rc5 40. Nb3 Rc4
41. Nd2 Rcf4 42. Qe3 Rg4+ 43. Kh3 Rff4 44. Nf3 Re4 45. Qd3 Rgf4 46. Kg2 Rc4 47.
Nd4 Rf7 48. Qh3 Re7 49. Qf3 Rd7 50. Qe3 Rdc7 51. Ne2 Rg4+ 52. Kf2 Rxh4 53. Ke1
Rcc4 54. Nd4 Rh1+ 55. Kf2 Ra1 56. Nc2 Ra2 57. Qd3 Rc5 58. Kf3 Rxe5 59. c4 Rf5+
60. Kg4 Rc5 61. Ne3 bxc4 62. Qd6 Ra5 0-1

[Event "1MCR_3DE_1L_3S"]
[Site "?"]
[Date "2005.??.??"]
[Round "3"]
[White "Bednarik, Radovan"]
[Black "Peroutik, Jiri"]
[Result "1-0"]
[WhiteElo "2201"]
[BlackElo "1822"]
[PlyCount "57"]
[EventDate "2005.??.??"]
[EventType "corr"]
[SourceDate "2005.03.20"]

1. d4 d5 2. c4 e6 3. Nc3 Nf6 4. Nf3 Bb4 5. Qa4+ Nc6 6. a3 Bxc3+ 7. bxc3 Bd7 8.
cxd5 exd5 9. Bg5 h6 10. Bh4 O-O 11. Qc2 g5 12. Bg3 Ne4 13. e3 Qf6 14. Bd3 Nxg3
15. hxg3 g4 16. Nd2 Ne7 17. Rb1 b6 18. c4 c6 19. Kf1 Bf5 20. Bxf5 Nxf5 21. Kg1
Qg5 22. c5 b5 23. a4 a6 24. Rb4 a5 25. Rb2 Rfe8 26. Nf1 b4 27. Rb3 Kg7 28. Qd3
h5 29. Rb1 1-0

[Event "1MCR_3DE_1L_3S"]
[Site "?"]
[Date "2005.??.??"]
[Round "3"]
[White "Motejzik, Jaroslav"]
[Black "Mikoska, Josef"]
[Result "1/2-1/2"]
[WhiteElo "2000"]
[BlackElo "2134"]
[PlyCount "90"]
[EventDate "2005.??.??"]
[EventType "corr"]
[SourceDate "2005.03.20"]

1. d4 g6 2. c4 Nf6 3. Nc3 Bg7 4. e4 d6 5. Nf3 O-O 6. Be2 e5 7. O-O Nc6 8. d5
Ne7 9. b4 Nh5 10. Re1 a5 11. Ba3 axb4 12. Bxb4 Nf4 13. Bf1 b6 14. a4 f5 15. Nd2
fxe4 16. Ndxe4 Nf5 17. a5 bxa5 18. Rxa5 Rxa5 19. Bxa5 Nd4 20. c5 Qh4 21. Re3
Bg4 22. Qb1 c6 23. Qa2 cxd5 24. Nxd5 Be6 25. Bc4 Kh8 26. cxd6 Nxg2 27. Kxg2 Bh6
28. Ng3 Bxe3 29. fxe3 Bh3+ 30. Kg1 Qg4 31. Nf4 exf4 32. Bc3 Qd1+ 33. Nf1 fxe3
34. Qa1 Rxf1+ 35. Bxf1 Qg4+ 36. Kh1 Qf3+ 37. Kg1 Kg8 38. Bxd4 Qg4+ 39. Kh1 Qe4+
40. Kg1 e2 41. Qa2+ Be6 42. Qxe2 Qxd4+ 43. Qf2 Qxd6 44. Qe3 h6 45. Qg3 Qxg3+
1/2-1/2

[Event "1MCR_3DE_1L_1S"]
[Site "?"]
[Date "2005.??.??"]
[Round "1"]
[White "Bucek, Jiri"]
[Black "Necesany, Zdenek"]
[Result "1/2-1/2"]
[WhiteElo "2326"]
[BlackElo "2215"]
[PlyCount "63"]
[EventDate "2005.??.??"]
[EventType "corr"]
[SourceDate "2005.03.20"]

1. e4 c5 2. Nf3 Nc6 3. d4 cxd4 4. Nxd4 Nf6 5. Nc3 e5 6. Ndb5 d6 7. Bg5 a6 8.
Na3 b5 9. Bxf6 gxf6 10. Nd5 Bg7 11. Bd3 Ne7 12. Nxe7 Qxe7 13. c4 f5 14. O-O O-O
15. cxb5 d5 16. exd5 e4 17. Qe2 Qb4 18. Bc4 Qxb2 19. Nc2 axb5 20. Rab1 Qe5 21.
Rxb5 f4 22. Re1 Re8 23. a3 Ba6 24. Rb6 Bxc4 25. Qxc4 Bf8 26. a4 Rac8 27. Rc6
Rcd8 28. Qd4 Qxd5 29. Qxd5 Rxd5 30. g3 f3 31. Ne3 Ra5 32. Ng4 1/2-1/2

[Event "1MCR_3DE_1L_1S"]
[Site "?"]
[Date "2005.??.??"]
[Round "1"]
[White "Bucek, Jiri"]
[Black "Mezera, Lukas"]
[Result "1/2-1/2"]
[WhiteElo "2326"]
[BlackElo "2266"]
[PlyCount "41"]
[EventDate "2005.??.??"]
[EventType "corr"]
[SourceDate "2005.03.20"]

1. c4 e5 2. Nc3 Nf6 3. Nf3 Nc6 4. g3 Bc5 5. Bg2 d6 6. O-O a6 7. d3 O-O 8. a3 h6
9. b4 Ba7 10. Bb2 Be6 11. Rc1 Qd7 12. e3 Rfe8 13. Qc2 Ne7 14. Nd2 c6 15. Rfe1
Rad8 16. Nce4 Nxe4 17. Nxe4 Bh3 18. c5 Bxg2 19. Kxg2 dxc5 20. bxc5 Qxd3 21. Nd6
1/2-1/2

[Event "1MCR_3DE_1L_1S"]
[Site "?"]
[Date "2005.??.??"]
[Round "1"]
[White "Alexa, Jaroslav"]
[Black "Pauschek, Roman"]
[Result "1/2-1/2"]
[WhiteElo "2341"]
[BlackElo "2172"]
[PlyCount "58"]
[EventDate "2005.??.??"]
[EventType "corr"]
[SourceDate "2005.03.20"]

1. d4 d5 2. c4 e6 3. Nc3 Nf6 4. cxd5 exd5 5. Bg5 c6 6. e3 Be7 7. Qc2 Nbd7 8.
Bd3 Nh5 9. Bxe7 Qxe7 10. O-O-O Nb6 11. Kb1 g6 12. Nge2 Ng7 13. Ng3 Be6 14. Rc1
Qb4 15. Ka1 O-O-O 16. Rhe1 Kb8 17. h4 h5 18. Nge2 Bf5 19. Nf4 Rhe8 20. g3 Nc4
21. Bxf5 Nxf5 22. Nd3 Qa5 23. Na4 Ka8 24. Nac5 Re7 25. Re2 Rde8 26. Nf4 Qb4 27.
Nfd3 Qa5 28. Nf4 Qb4 29. Nfd3 Qa5 1/2-1/2

[Event "1MCR_3DE_1L_1S"]
[Site "?"]
[Date "2005.??.??"]
[Round "1"]
[White "Splichal, Josef"]
[Black "Hruby, Jaromil"]
[Result "1-0"]
[WhiteElo "2279"]
[BlackElo "2053"]
[PlyCount "58"]
[EventDate "2005.??.??"]
[EventType "corr"]
[SourceDate "2005.03.20"]

1. e4 c5 2. Nf3 d6 3. d4 cxd4 4. Nxd4 Nf6 5. Nc3 a6 6. Bg5 e6 7. f4 Qb6 8. Nb3
Nbd7 9. Qf3 Be7 10. Be2 Qc7 11. O-O b5 12. a3 Bb7 13. Rad1 h6 14. Bh4 d5 15. e5
d4 16. Nxb5 axb5 17. Qh3 Nd5 18. Bxe7 Nxe7 19. Nxd4 Bc6 20. Kh1 Rb8 21. Bh5 g6
22. Be2 Nf5 23. Nxf5 exf5 24. b4 Be4 25. Rd6 Rb6 26. Rd2 Nf8 27. Qb3 Ne6 28. c4
bxc4 29. Bxc4 O-O 1-0

[Event "1MCR_3DE_1L_2S"]
[Site "?"]
[Date "2005.??.??"]
[Round "2"]
[White "Binas, Jindrich"]
[Black "Toman, Antonin"]
[Result "0-1"]
[WhiteElo "2114"]
[BlackElo "2209"]
[PlyCount "70"]
[EventDate "2005.??.??"]
[EventType "corr"]
[SourceDate "2005.03.20"]

1. e4 e5 2. Nf3 Nc6 3. Bb5 a6 4. Ba4 Nf6 5. O-O Be7 6. Re1 b5 7. Bb3 O-O 8. a4
Bb7 9. d3 d6 10. Nc3 Na5 11. Ba2 Qd7 12. b4 Nc6 13. Nd5 Nxd5 14. Bxd5 bxa4 15.
c3 a5 16. b5 Nd8 17. Qxa4 Bxd5 18. exd5 f5 19. c4 Nb7 20. Qc2 Bf6 21. Ra3 Qf7
22. d4 exd4 23. Qxf5 Nc5 24. Bd2 a4 25. Bb4 Nb3 26. Qc2 Qh5 27. Qd3 Qf7 28. h3
Rfe8 29. Rxe8+ Qxe8 30. Kf1 Qe7 31. Kg1 Qe8 32. Nd2 Qe1+ 33. Qf1 Re8 34. Kh2
Qxf1 35. Nxf1 Re2 0-1

[Event "1MCR_3DE_1L_3S"]
[Site "?"]
[Date "2005.??.??"]
[Round "3"]
[White "Svrsek, Radomir"]
[Black "Bednarik, Radovan"]
[Result "1-0"]
[WhiteElo "2190"]
[BlackElo "2201"]
[PlyCount "97"]
[EventDate "2005.??.??"]
[EventType "corr"]
[SourceDate "2005.03.20"]

1. d4 d5 2. Nf3 Nf6 3. e3 e6 4. c4 Be7 5. cxd5 exd5 6. Bd3 O-O 7. O-O Re8 8.
Qc2 Bd6 9. Nc3 c6 10. Re1 Na6 11. a3 Bg4 12. b4 Nc7 13. Ne5 Bxe5 14. dxe5 Rxe5
15. Bb2 Rg5 16. Ne2 Ne4 17. Nf4 Ne6 18. Bxe4 dxe4 19. Qxe4 Qd2 20. Be5 Qd7 21.
Bc3 Re8 22. h4 Bf5 23. Qf3 Bg4 24. Qg3 Nxf4 25. exf4 Rg6 26. h5 Bxh5 27. Qd3
Rxe1+ 28. Rxe1 Bg4 29. Qxd7 Bxd7 30. Rd1 Be8 31. f5 Rh6 32. Rd8 Kf8 33. Be5 f6
34. Bd6+ Kf7 35. a4 a6 36. Rb8 b5 37. Rb7+ Kg8 38. Re7 Bf7 39. Ra7 Be8 40. a5
Rh4 41. Bc5 h5 42. Rxa6 Bd7 43. Ra8+ Kh7 44. Rd8 Bxf5 45. a6 Rc4 46. a7 Rc1+
47. Kh2 Ra1 48. a8=Q Rxa8 49. Rxa8 1-0

[Event "1MCR_3DE_1L_1S"]
[Site "?"]
[Date "2005.??.??"]
[Round "1"]
[White "Doudera, Lubomir"]
[Black "Bucek, Jiri"]
[Result "1/2-1/2"]
[WhiteElo "2179"]
[BlackElo "2326"]
[PlyCount "50"]
[EventDate "2005.??.??"]
[EventType "corr"]
[SourceDate "2005.03.20"]

1. e4 c5 2. c3 Nf6 3. e5 Nd5 4. d4 cxd4 5. Nf3 Nc6 6. Bc4 Nb6 7. Bb3 d5 8. exd6
Qxd6 9. O-O Be6 10. Na3 Bxb3 11. Qxb3 Rc8 12. Nb5 Qd5 13. Nfxd4 Nxd4 14. Nxd4
e6 15. Rd1 Bc5 16. Qb5+ Qd7 17. Qe2 Qe7 18. Nb5 a6 19. b4 Nc4 20. Na3 Nxa3 21.
Bxa3 Bd6 22. Rd3 O-O 23. Rad1 Rfd8 24. c4 Qc7 25. g3 Bf8 1/2-1/2

[Event "1MCR_3DE_1L_2S"]
[Site "?"]
[Date "2005.??.??"]
[Round "2"]
[White "Janous, Petr"]
[Black "Hlavac, Frantisek"]
[Result "1/2-1/2"]
[WhiteElo "2270"]
[BlackElo "2355"]
[PlyCount "58"]
[EventDate "2005.??.??"]
[EventType "corr"]
[SourceDate "2005.03.20"]

1. e4 e6 2. d4 d5 3. Nc3 Nf6 4. Bg5 Bb4 5. e5 h6 6. Bd2 Bxc3 7. bxc3 Ne4 8. Qg4
Kf8 9. h4 c5 10. Bd3 Nxd2 11. Kxd2 Nc6 12. Rh3 cxd4 13. cxd4 Qa5+ 14. c3 Qa3
15. Rg3 Qb2+ 16. Bc2 Rg8 17. Qd1 b6 18. Ne2 Ba6 19. Rb1 Qxa2 20. Nc1 Qa3 21.
Qg4 Qe7 22. Nd3 Bxd3 23. Bxd3 g6 24. h5 g5 25. f4 Qa3 26. fxg5 Qa2+ 27. Ke3
Rxg5 28. Qf4 Rxg3+ 29. Qxg3 Na5 1/2-1/2

[Event "1MCR_3DE_1L_1S"]
[Site "?"]
[Date "2005.??.??"]
[Round "1"]
[White "Doudera, Lubomir"]
[Black "Bares, Jiri"]
[Result "1/2-1/2"]
[WhiteElo "2179"]
[BlackElo "2174"]
[PlyCount "60"]
[EventDate "2005.??.??"]
[EventType "corr"]
[SourceDate "2005.03.20"]

1. e4 c5 2. c3 d5 3. exd5 Qxd5 4. d4 Nf6 5. Nf3 cxd4 6. cxd4 e6 7. Nc3 Qd6 8.
Bd3 Nc6 9. O-O Be7 10. Nb5 Qd8 11. Bf4 Nd5 12. Bg3 a6 13. Nc3 Nf6 14. Rc1 O-O
15. Be5 b6 16. Ne4 Bb7 17. Nxf6+ Bxf6 18. Bxf6 Qxf6 19. Be4 Rac8 20. Ne5 Nxe5
21. Bxb7 Rxc1 22. Qxc1 Ng6 23. Bxa6 Qxd4 24. Rd1 Qa4 25. Bc4 Rc8 26. Bb3 Qa6
27. Qe3 Qb7 28. a4 Qc7 29. Qd4 Kf8 30. h3 h6 1/2-1/2

[Event "1MCR_3DE_1L_3S"]
[Site "?"]
[Date "2005.??.??"]
[Round "3"]
[White "Motejzik, Jaroslav"]
[Black "Zednik, Martin"]
[Result "1/2-1/2"]
[WhiteElo "2000"]
[BlackElo "2077"]
[PlyCount "89"]
[EventDate "2005.??.??"]
[EventType "corr"]
[SourceDate "2005.03.20"]

1. d4 d5 2. c4 c6 3. Nf3 Nf6 4. Nc3 dxc4 5. e4 b5 6. e5 Nd5 7. a4 e6 8. g3 Bb7
9. Bg2 a6 10. O-O Nd7 11. Ne4 Qb6 12. b3 cxb3 13. Qxb3 c5 14. dxc5 Nxc5 15.
Nxc5 Bxc5 16. Ng5 Rc8 17. axb5 Qxb5 18. Qf3 Rc7 19. Qg4 h5 20. Qh4 Nc3 21. Bd2
Ne2+ 22. Kh1 Be7 23. Bxb7 Qxb7+ 24. Qe4 Qxe4+ 25. Nxe4 Rc6 26. Be3 f5 27. exf6
gxf6 28. Rfe1 f5 29. Rxe2 fxe4 30. Rea2 Kf7 31. Rxa6 Rxa6 32. Rxa6 h4 33. Ra4
h3 34. Rxe4 Rb8 35. Bd2 Rb1+ 36. Re1 Rb2 37. Be3 e5 38. Kg1 Bb4 39. Rc1 e4 40.
Kf1 Ke6 41. Rc4 Rb1+ 42. Rc1 Rb2 43. Rc4 Rb1+ 44. Rc1 Rb2 45. Rc3 1/2-1/2

[Event "1MCR_3DE_1L_1S"]
[Site "?"]
[Date "2005.??.??"]
[Round "1"]
[White "Hruby, Jaromil"]
[Black "Bucek, Jiri"]
[Result "1/2-1/2"]
[WhiteElo "2053"]
[BlackElo "2326"]
[PlyCount "58"]
[EventDate "2005.??.??"]
[EventType "corr"]
[SourceDate "2005.03.20"]

1. e4 c5 2. Nf3 Nc6 3. d4 cxd4 4. Nxd4 Nf6 5. Nc3 e5 6. Ndb5 d6 7. Bg5 a6 8.
Na3 b5 9. Bxf6 gxf6 10. Nd5 f5 11. Bd3 Be6 12. O-O Bxd5 13. exd5 Ne7 14. Nxb5
Bg7 15. Nc3 e4 16. Bc4 Ng6 17. Qh5 Bxc3 18. bxc3 Qf6 19. Qh6 Qxc3 20. Bb3 Ke7
21. Rae1 a5 22. Ba4 Rhg8 23. Kh1 Qg7 24. Qd2 Ne5 25. f3 Nc4 26. Qe2 Ne3 27. Rg1
f4 28. g3 Qd4 29. gxf4 Rxg1+ 1/2-1/2

[Event "1MCR_3DE_1L_3S"]
[Site "?"]
[Date "2005.??.??"]
[Round "3"]
[White "Mika, Petr"]
[Black "Valak, Alois"]
[Result "0-1"]
[WhiteElo "1715"]
[BlackElo "2250"]
[PlyCount "66"]
[EventDate "2005.??.??"]
[EventType "corr"]
[SourceDate "2005.03.20"]

1. d4 Nf6 2. Bg5 c5 3. e3 Ne4 4. Bf4 Qb6 5. Nc3 Nxc3 6. bxc3 e6 7. Qb1 Qa5 8.
Qb3 b6 9. Be2 cxd4 10. exd4 Bb7 11. Bf3 d5 12. Be2 Nd7 13. Nf3 Ba6 14. a4 Bxe2
15. Kxe2 Rc8 16. Bd2 Qa6+ 17. Qb5 Qb7 18. Rhe1 Bd6 19. Kf1 Rc4 20. a5 a6 21.
Qb3 b5 22. Re3 Qc7 23. g3 Nf6 24. Rd3 Ne4 25. Be1 f5 26. Ng1 f4 27. Kg2 O-O 28.
Ne2 Qf7 29. gxf4 Qg6+ 30. Ng3 h5 31. f3 h4 32. fxe4 dxe4 33. Rd2 Bxf4 0-1

[Event "1MCR_3DE_1L_1S"]
[Site "?"]
[Date "2005.??.??"]
[Round "1"]
[White "Vozda, Jindrich"]
[Black "Doudera, Lubomir"]
[Result "1-0"]
[WhiteElo "2494"]
[BlackElo "2179"]
[PlyCount "57"]
[EventDate "2005.??.??"]
[EventType "corr"]
[SourceDate "2005.03.20"]

1. e4 d5 2. exd5 Qxd5 3. Nc3 Qa5 4. d4 Nf6 5. Nf3 Bg4 6. h3 Bh5 7. g4 Bg6 8.
Ne5 e6 9. Bg2 c6 10. Bd2 Qb6 11. Qe2 Nbd7 12. f4 Nxe5 13. dxe5 Nd5 14. O-O-O
Nb4 15. f5 exf5 16. e6 f6 17. a3 Na6 18. Bf4 Be7 19. Rd7 fxg4 20. Qd2 Bxa3 21.
bxa3 O-O 22. Bh6 Qc5 23. Rxg7+ Kh8 24. Rxg6 Qxa3+ 25. Kd1 hxg6 26. hxg4 Kg8 27.
Bxf8 Qxf8 28. Rh6 Rd8 29. Bd5 1-0

[Event "1MCR_3DE_1L_1S"]
[Site "?"]
[Date "2005.??.??"]
[Round "1"]
[White "Lounek, Jan"]
[Black "Doudera, Lubomir"]
[Result "1/2-1/2"]
[WhiteElo "2380"]
[BlackElo "2179"]
[PlyCount "67"]
[EventDate "2005.??.??"]
[EventType "corr"]
[SourceDate "2005.03.20"]

1. e4 d5 2. exd5 Qxd5 3. Nc3 Qa5 4. d4 Nf6 5. Nf3 Bg4 6. h3 Bh5 7. g4 Bg6 8.
Ne5 e6 9. Bg2 c6 10. h4 Nbd7 11. Nxd7 Kxd7 12. d5 exd5 13. h5 Re8+ 14. Kf1 Qa6+
15. Ne2 Rxe2 16. Qxe2 Bxc2 17. Qxa6 bxa6 18. Bh3 Ne4 19. Be3 Be7 20. Ke2 Re8
21. Bg2 Ng3+ 22. fxg3 Bg5 23. Kd2 Rxe3 24. Kxc2 Re2+ 25. Kb3 Rxg2 26. Rag1 Re2
27. Re1 Re6 28. Rhf1 Ke7 29. Kc2 Be3 30. Kd3 Bg5 31. Kc2 Be3 32. Kd3 Bg5 33.
Kc2 Be3 34. Kd3 1/2-1/2

[Event "1MCR_3DE_1L_3S"]
[Site "?"]
[Date "2005.??.??"]
[Round "3"]
[White "Svrsek, Radomir"]
[Black "Mika, Petr"]
[Result "1-0"]
[WhiteElo "2190"]
[BlackElo "1715"]
[PlyCount "81"]
[EventDate "2005.??.??"]
[EventType "corr"]
[SourceDate "2005.03.20"]

1. d4 Nf6 2. c4 g6 3. Nc3 Bg7 4. e4 d6 5. Be2 O-O 6. Nf3 e5 7. dxe5 dxe5 8.
Qxd8 Rxd8 9. Bg5 Nbd7 10. Rd1 Rf8 11. Nd5 c6 12. Ne7+ Kh8 13. Be3 Re8 14. Nxc8
Rexc8 15. g4 Rd8 16. Nd2 b6 17. g5 Ne8 18. h4 Bf8 19. Nf3 Nd6 20. h5 Nxe4 21.
hxg6 Bb4+ 22. Kf1 fxg6 23. Rh4 Nd6 24. a3 Nf5 25. axb4 Nxh4 26. Nxh4 Kg8 27. c5
Kf7 28. Bf3 Rac8 29. Bg4 Ke7 30. f4 bxc5 31. f5 Nf8 32. Bxc5+ Kf7 33. Re1 gxf5
34. Nxf5 Rc7 35. Rxe5 Ng6 36. Nd6+ Kg8 37. Be6+ Kg7 38. Rf5 Nf8 39. Bd4+ Kg6
40. Rf6+ Kxg5 41. Ne4+ 1-0

[Event "1MCR_3DE_1L_2S"]
[Site "?"]
[Date "2005.??.??"]
[Round "2"]
[White "Struzka, Vlastimil"]
[Black "Cakl, Miloslav"]
[Result "0-1"]
[WhiteElo "2216"]
[BlackElo "1907"]
[PlyCount "89"]
[EventDate "2005.??.??"]
[EventType "corr"]
[SourceDate "2005.03.20"]

1. d4 Nf6 2. Nf3 d5 3. e3 c5 4. dxc5 e6 5. b4 a5 6. b5 Bxc5 7. Bb2 O-O 8. c4
Nbd7 9. Nbd2 b6 10. cxd5 Nxd5 11. Bd3 Bb7 12. O-O f5 13. Nb3 Bd6 14. Nbd4 Qe8
15. Nc6 Nc5 16. Bc4 Bxc6 17. bxc6 Rd8 18. Qd4 Nf6 19. Qc3 Bc7 20. Bb5 Qh5 21.
h3 g5 22. Nd4 g4 23. Be2 Nfe4 24. Qc2 Qg6 25. hxg4 Qh6 26. f4 Ng3 27. Bd3 fxg4
28. Rfe1 Nxd3 29. Qxd3 e5 30. Qc4+ Kh8 31. Qd3 Rf7 32. Rad1 exd4 33. Bxd4+ Kg8
34. Qc2 Re8 35. Qc4 Qh1+ 36. Kf2 Qh2 37. a4 h5 38. Qc2 Re6 39. Qb3 Ne4+ 40. Ke2
Qxg2+ 41. Kd3 Nf2+ 42. Kd2 Nxd1+ 43. Re2 Qxc6 44. Kxd1 g3 45. Qc2 0-1

[Event "1MCR_3DE_1L_2S"]
[Site "?"]
[Date "2005.??.??"]
[Round "2"]
[White "Pravec, Ladislav"]
[Black "Markytan, Vladislav"]
[Result "1-0"]
[WhiteElo "2381"]
[BlackElo "2168"]
[PlyCount "71"]
[EventDate "2005.??.??"]
[EventType "corr"]
[SourceDate "2005.03.20"]

1. d4 Nf6 2. c4 e6 3. Nf3 d5 4. Nc3 Bb4 5. cxd5 exd5 6. Bg5 c6 7. Qc2 O-O 8. e3
h6 9. Bh4 Bd6 10. Bd3 Re8 11. O-O Bg4 12. Qb3 b6 13. Rfe1 Qd7 14. Bxf6 gxf6 15.
Nh4 Rd8 16. Qc2 Be6 17. f4 f5 18. Nxf5 Bf8 19. Nh4 Qd6 20. Nf3 Bg7 21. Ne5 f6
22. Nf3 Nd7 23. Rac1 Kh8 24. f5 Bf7 25. e4 a6 26. Qd2 Re8 27. exd5 Rxe1+ 28.
Rxe1 cxd5 29. Ne2 b5 30. Nf4 Nf8 31. Nh4 Re8 32. Rxe8 Bxe8 33. g3 Bf7 34. Qc3
Qd7 35. Kg2 Kg8 36. Qc5 1-0